| 000 | 00519nam a2200181 i 4500 | ||
|---|---|---|---|
| 001 | 89392 | ||
| 003 | ES-MaACL | ||
| 005 | 20250529131008.0 | ||
| 007 | t| | ||
| 008 | 050110s1967 sp ||||1| spa d | ||
| 100 | 1 |
_aLarteguy, Jean. _970380 |
|
| 245 | 1 | 4 |
_aLos centuriones / _cJean Larteguy ; [traducción, Mariano Tudela]. |
| 260 |
_a[Barcelona : _bCid, _c1967] |
||
| 300 |
_a478 p. ; _c20 cm. |
||
| 700 | 1 |
_aTudela, Mariano, _d1925-2001 _9111632 |
|
| 852 |
_aES-MaACL _jC-33289 _bR.63919 |
||
| 999 |
_c89392 _d89392 |
||